| 000 | 00909nam a22002177a 4500 | ||
|---|---|---|---|
| 005 | 20240530110446.0 | ||
| 008 | 150428s2007 ua f 000 0 ara d | ||
| 017 |
_a2007/13859 _bمصر . دار الكتب المصرية |
||
| 020 | _a9774197380 | ||
| 040 | _aEG-CaGPL | ||
| 082 | 0 | 4 |
_221 _a324.20962 _bق/و أ |
| 100 | 0 | _aوحيد عبدالحميد | |
| 245 | 1 | 0 |
_aازمة الديمقراطية فى الاحزاب المصرية : _bدراسة فى انماط التنظيم و ادارة الخلاف و صنع القرار / _cوحيد عبدالحميد |
| 260 |
_aالقاهرة : _bالهيئة المصرية العامة للكتاب ، _c2007 . |
||
| 300 |
_a460 ص ؛ _c24 سم . |
||
| 650 | 0 | 4 | _aالاحزاب السياسية |
| 650 | 0 | 4 | _aالديمقراطية |
| 651 | 0 | 4 |
_aمصر _xالاحوال السياسية |
| 942 |
_2ddc _cBK |
||
| 999 |
_c61161 _d61161 |
||